| 000 | 00679nam a2200229 u 4500 | ||
|---|---|---|---|
| 005 | 20240806063822.0 | ||
| 008 | 101104s2007 r 000 0 eng d | ||
| 020 | _a9789702009856 | ||
| 035 | _aUPN01000178399 | ||
| 049 | _aCG | ||
| 050 | 4 |
_aPZ7 _bM3.3 |
|
| 100 | 1 |
_aMarsden, John, _d1950- |
|
| 245 | 1 | 0 |
_aCartas desde el interior / _cJohn Marsden ; tr. de Josefina Anaya. |
| 260 |
_aMéxico : _bCastillo, _c2007. |
||
| 300 | _a165 p. | ||
| 440 | 0 | _aCastillo de la lectura | |
| 534 |
_pTítulo original: _tLetters from the Inside |
||
| 650 | 4 |
_aLiteratura juvenil _95153 |
|
| 650 | 0 |
_aAmistad _vNovela _98175 |
|
| 650 | 0 |
_aAmistad en la literatura _910763 |
|
| 905 | _aLibro | ||
| 999 |
_c150502 _d150502 |
||